[Event "DVM U20 2021"]
[Site "Kiel GER"]
[Date "2022.07.25"]
[Round "6"]
[White "Suvorov, Alexander"]
[Black "Goldbeck, Lars"]
[Result "1/2-1/2"]
[Termination "normal"]
[Board "3.1"]
[WhiteTitle "FM"]
[BlackTitle "FM"]
[WhiteElo "2371"]
[BlackElo "2228"]
[WhiteClock "00:01:33"]
[BlackClock "00:15:52"]
[WhiteTeam "Schachgemeinschaft Porz e. V."]
[BlackTeam "SC Bavaria Regensburg von 1881 e.V."]
[PlyCount "66"]
[WhiteFideId "12977063"]
[BlackFideId "16208188"]
[EventCountry "GER"]
[EventRounds "7"]
[EventType "team-swiss"]
[EventDate "2022.07.22"]

1. d4 {[%clk 01:30:57]} {[%emt 00:00:03]} d5 {[%clk 01:30:51]} {[%emt
00:00:09]} 2. c4 {[%clk 01:31:09]} {[%emt 00:00:17]} e6 {[%clk 01:31:20]}
{[%emt 00:00:02]} 3. Nf3 {[%clk 01:31:04]} {[%emt 00:00:35]} a6 {[%clk
01:31:45]} {[%emt 00:00:05]} 4. Bg5 {[%clk 01:30:46]} {[%emt 00:00:48]} Nf6
{[%clk 01:32:06]} {[%emt 00:00:09]} 5. e3 {[%clk 01:30:04]} {[%emt 00:01:12]}
Be7 {[%clk 01:32:26]} {[%emt 00:00:11]} 6. Nc3 {[%clk 01:28:30]} {[%emt
00:02:04]} h6 {[%clk 01:31:41]} {[%emt 00:01:14]} 7. Bh4 {[%clk 01:26:10]}
{[%emt 00:02:50]} O-O {[%clk 01:27:07]} {[%emt 00:05:03]} 8. cxd5 {[%clk
01:11:18]} {[%emt 00:15:23]} exd5 {[%clk 01:27:24]} {[%emt 00:00:12]} 9. Bd3
{[%clk 01:11:19]} {[%emt 00:00:30]} Nbd7 {[%clk 01:19:23]} {[%emt 00:08:31]}
10. O-O {[%clk 01:05:14]} {[%emt 00:06:35]} Re8 {[%clk 01:15:39]} {[%emt
00:04:14]} 11. Rc1 {[%clk 00:58:03]} {[%emt 00:07:41]} c6 {[%clk 01:15:34]}
{[%emt 00:00:35]} 12. Qc2 {[%clk 00:47:26]} {[%emt 00:11:07]} Ne4 {[%clk
01:09:23]} {[%emt 00:06:41]} 13. Bxe7 {[%clk 00:39:11]} {[%emt 00:08:45]} Qxe7
{[%clk 01:09:14]} {[%emt 00:00:38]} 14. Bxe4 {[%clk 00:38:42]} {[%emt
00:01:00]} dxe4 {[%clk 01:09:40]} {[%emt 00:00:04]} 15. Nd2 {[%clk 00:39:03]}
{[%emt 00:00:08]} Nf6 {[%clk 01:08:22]} {[%emt 00:01:49]} 16. Nc4 {[%clk
00:38:03]} {[%emt 00:01:30]} Bf5 {[%clk 01:06:36]} {[%emt 00:02:16]} 17. f4
{[%clk 00:25:52]} {[%emt 00:12:41]} Rad8 {[%clk 00:54:40]} {[%emt 00:12:25]}
18. Qe2 {[%clk 00:16:13]} {[%emt 00:10:10]} c5 {[%clk 00:47:13]} {[%emt
00:07:57]} 19. dxc5 {[%clk 00:12:46]} {[%emt 00:03:57]} Qxc5 {[%clk 00:47:06]}
{[%emt 00:00:35]} 20. Ne5 {[%clk 00:11:56]} {[%emt 00:01:21]} Qb6 {[%clk
00:43:46]} {[%emt 00:03:51]} 21. h3 {[%clk 00:06:05]} {[%emt 00:06:21]} Be6
{[%clk 00:39:54]} {[%emt 00:04:22]} 22. Rfd1 {[%clk 00:05:35]} {[%emt
00:01:00]} Qc5 {[%clk 00:35:38]} {[%emt 00:04:45]} 23. Nd5 {[%clk 00:04:11]}
{[%emt 00:01:54]} Rxd5 {[%clk 00:33:26]} {[%emt 00:02:42]} 24. Rxc5 {[%clk
00:04:32]} {[%emt 00:00:09]} Rxc5 {[%clk 00:33:54]} {[%emt 00:00:01]} 25. a3
{[%clk 00:02:56]} {[%emt 00:02:08]} Rec8 {[%clk 00:33:34]} {[%emt 00:00:50]}
26. Kh2 {[%clk 00:02:53]} {[%emt 00:00:34]} Bb3 {[%clk 00:31:05]} {[%emt
00:02:58]} 27. Rd2 {[%clk 00:02:56]} {[%emt 00:00:28]} Nd5 {[%clk 00:28:46]}
{[%emt 00:02:48]} 28. Nd7 {[%clk 00:01:48]} {[%emt 00:01:38]} R5c7 {[%clk
00:28:31]} {[%emt 00:00:44]} 29. Ne5 {[%clk 00:01:50]} {[%emt 00:00:29]} Rc1
{[%clk 00:27:40]} {[%emt 00:01:21]} 30. Nd7 {[%clk 00:02:02]} {[%emt 00:00:18]}
R8c2 {[%clk 00:21:45]} {[%emt 00:06:24]} 31. f5 {[%clk 00:01:47]} {[%emt
00:00:45]} Rc7 {[%clk 00:20:29]} {[%emt 00:01:46]} 32. Ne5 {[%clk 00:01:45]}
{[%emt 00:00:32]} Rc8 {[%clk 00:15:49]} {[%emt 00:05:10]} 33. Nd7 {[%clk
00:01:33]} {[%emt 00:00:43]} R8c7 {[%clk 00:15:52]} {[%emt 00:00:27]} 1/2-1/2

[Event "DVM U20 2021"]
[Site "Kiel GER"]
[Date "2022.07.25"]
[Round "6"]
[White "Arnhold, Steffi"]
[Black "Suvorov, Luca"]
[Result "1-0"]
[Termination "normal"]
[Board "3.2"]
[BlackTitle "FM"]
[WhiteElo "2107"]
[BlackElo "2308"]
[WhiteClock "00:16:17"]
[BlackClock "00:03:48"]
[WhiteTeam "SC Bavaria Regensburg von 1881 e.V."]
[BlackTeam "Schachgemeinschaft Porz e. V."]
[PlyCount "103"]
[WhiteFideId "12931365"]
[BlackFideId "12977071"]
[EventCountry "GER"]
[EventRounds "7"]
[EventType "team-swiss"]
[EventDate "2022.07.22"]

1. e4 {[%clk 01:30:57]} {[%emt 00:00:02]} e5 {[%clk 01:30:51]} {[%emt
00:00:09]} 2. Nf3 {[%clk 01:31:14]} {[%emt 00:00:13]} Nc6 {[%clk 01:31:15]}
{[%emt 00:00:06]} 3. Bc4 {[%clk 01:31:34]} {[%emt 00:00:11]} Nf6 {[%clk
01:30:39]} {[%emt 00:01:06]} 4. d3 {[%clk 01:31:21]} {[%emt 00:00:42]} Be7
{[%clk 01:29:19]} {[%emt 00:01:50]} 5. O-O {[%clk 01:30:43]} {[%emt 00:01:09]}
O-O {[%clk 01:29:35]} {[%emt 00:00:13]} 6. Re1 {[%clk 01:30:09]} {[%emt
00:01:04]} d6 {[%clk 01:29:30]} {[%emt 00:00:35]} 7. c3 {[%clk 01:29:42]}
{[%emt 00:00:57]} Na5 {[%clk 01:29:29]} {[%emt 00:00:31]} 8. Bb5 {[%clk
01:29:13]} {[%emt 00:00:59]} a6 {[%clk 01:29:52]} {[%emt 00:00:07]} 9. Ba4
{[%clk 01:29:39]} {[%emt 00:00:04]} b5 {[%clk 01:30:17]} {[%emt 00:00:05]} 10.
Bc2 {[%clk 01:30:05]} {[%emt 00:00:04]} c5 {[%clk 01:30:32]} {[%emt 00:00:15]}
11. Nbd2 {[%clk 01:30:08]} {[%emt 00:00:27]} Nc6 {[%clk 01:29:21]} {[%emt
00:01:41]} 12. Nf1 {[%clk 01:29:08]} {[%emt 00:01:31]} h6 {[%clk 01:28:52]}
{[%emt 00:00:59]} 13. Ng3 {[%clk 01:27:35]} {[%emt 00:02:02]} Re8 {[%clk
01:27:35]} {[%emt 00:01:47]} 14. h3 {[%clk 01:26:29]} {[%emt 00:01:36]} Be6
{[%clk 01:22:54]} {[%emt 00:05:11]} 15. Nh2 {[%clk 01:24:42]} {[%emt 00:02:18]}
Rc8 {[%clk 01:06:04]} {[%emt 00:17:19]} 16. Ng4 {[%clk 01:15:20]} {[%emt
00:09:53]} Nxg4 {[%clk 01:03:35]} {[%emt 00:02:59]} 17. hxg4 {[%clk 01:15:34]}
{[%emt 00:00:16]} Bg5 {[%clk 01:02:59]} {[%emt 00:01:06]} 18. Nf5 {[%clk
01:08:57]} {[%emt 00:07:06]} d5 {[%clk 00:59:25]} {[%emt 00:04:04]} 19. Bxg5
{[%clk 01:02:41]} {[%emt 00:06:46]} hxg5 {[%clk 00:59:28]} {[%emt 00:00:27]}
20. Qf3 {[%clk 01:01:40]} {[%emt 00:01:31]} d4 {[%clk 00:58:23]} {[%emt
00:01:35]} 21. Qh3 {[%clk 00:52:30]} {[%emt 00:09:40]} a5 {[%clk 00:19:22]}
{[%emt 00:39:31]} 22. g3 {[%clk 00:35:59]} {[%emt 00:17:01]} Bxf5 {[%clk
00:18:40]} {[%emt 00:01:12]} 23. gxf5 {[%clk 00:35:55]} {[%emt 00:00:34]} a4
{[%clk 00:17:46]} {[%emt 00:01:24]} 24. Kg2 {[%clk 00:30:29]} {[%emt 00:05:56]}
Qf6 {[%clk 00:16:47]} {[%emt 00:01:29]} 25. a3 {[%clk 00:27:07]} {[%emt
00:03:52]} Red8 {[%clk 00:14:30]} {[%emt 00:02:47]} 26. Rad1 {[%clk 00:24:13]}
{[%emt 00:03:24]} Na5 {[%clk 00:04:55]} {[%emt 00:10:05]} 27. Rh1 {[%clk
00:22:08]} {[%emt 00:02:36]} Kf8 {[%clk 00:05:17]} {[%emt 00:00:07]} 28. Qg4
{[%clk 00:22:31]} {[%emt 00:00:07]} Ke7 {[%clk 00:05:01]} {[%emt 00:00:46]} 29.
Qe2 {[%clk 00:19:12]} {[%emt 00:03:49]} Ra8 {[%clk 00:01:19]} {[%emt 00:04:11]}
30. Bb1 {[%clk 00:16:45]} {[%emt 00:02:58]} Rh8 {[%clk 00:00:49]} {[%emt
00:01:00]} 31. cxd4 {[%clk 00:16:29]} {[%emt 00:00:45]} exd4 {[%clk 00:00:43]}
{[%emt 00:00:37]} 32. Ba2 {[%clk 00:15:50]} {[%emt 00:01:09]} Rxh1 {[%clk
00:00:36]} {[%emt 00:00:37]} 33. Rxh1 {[%clk 00:16:09]} {[%emt 00:00:11]} Nc6
{[%clk 00:00:34]} {[%emt 00:00:32]} 34. Bd5 {[%clk 00:14:00]} {[%emt 00:02:39]}
Rc8 {[%clk 00:00:40]} {[%emt 00:00:24]} 35. Bxc6 {[%clk 00:13:48]} {[%emt
00:00:42]} Rxc6 {[%clk 00:00:58]} {[%emt 00:00:12]} 36. Qd2 {[%clk 00:13:41]}
{[%emt 00:00:36]} Ra6 {[%clk 00:01:05]} {[%emt 00:00:23]} 37. Rh8 {[%clk
00:09:37]} {[%emt 00:04:35]} Kd7 {[%clk 00:00:59]} {[%emt 00:00:36]} 38. Rb8
{[%clk 00:08:29]} {[%emt 00:01:38]} Kc7 {[%clk 00:00:36]} {[%emt 00:00:53]} 39.
Rxb5 {[%clk 00:07:11]} {[%emt 00:01:47]} Qc6 {[%clk 00:00:48]} {[%emt
00:00:18]} 40. Ra5 {[%clk 00:07:08]} {[%emt 00:00:34]} Rxa5 {[%clk 00:00:36]}
{[%emt 00:00:42]} 41. Qxa5+ {[%clk 00:07:28]} {[%emt 00:00:08]} Kd7 {[%clk
00:26:52]} {[%emt 00:04:15]} 42. Qa7+ {[%clk 00:32:36]} {[%emt 00:05:22]} Ke8
{[%clk 00:26:55]} {[%emt 00:00:27]} 43. Qb8+ {[%clk 00:32:35]} {[%emt
00:00:32]} Ke7 {[%clk 00:26:37]} {[%emt 00:00:48]} 44. Qg8 {[%clk 00:30:40]}
{[%emt 00:02:25]} Qa6 {[%clk 00:14:27]} {[%emt 00:12:39]} 45. Qxg7 {[%clk
00:29:33]} {[%emt 00:01:37]} Qxd3 {[%clk 00:14:44]} {[%emt 00:00:13]} 46. Qe5+
{[%clk 00:27:39]} {[%emt 00:02:24]} Kd7 {[%clk 00:12:04]} {[%emt 00:03:11]} 47.
Qd5+ {[%clk 00:27:40]} {[%emt 00:00:29]} Ke8 {[%clk 00:11:52]} {[%emt
00:00:42]} 48. Qc6+ {[%clk 00:16:39]} {[%emt 00:11:31]} Kd8 {[%clk 00:11:13]}
{[%emt 00:01:09]} 49. f6 {[%clk 00:16:05]} {[%emt 00:01:04]} g4 {[%clk
00:03:12]} {[%emt 00:08:31]} 50. Qd6+ {[%clk 00:16:05]} {[%emt 00:00:29]} Kc8
{[%clk 00:03:41]} {[%emt 00:00:01]} 51. Qf8+ {[%clk 00:16:02]} {[%emt
00:00:33]} Kb7 {[%clk 00:03:48]} {[%emt 00:00:23]} 52. Qxf7+ {[%clk 00:16:17]}
{[%emt 00:00:15]} 1-0

[Event "DVM U20 2021"]
[Site "Kiel GER"]
[Date "2022.07.25"]
[Round "6"]
[White "Gallasch, Jonas"]
[Black "Steinhauer, Artur"]
[Result "1-0"]
[Termination "normal"]
[Board "3.3"]
[WhiteElo "2108"]
[BlackElo "1901"]
[WhiteClock "00:53:23"]
[BlackClock "00:36:46"]
[WhiteTeam "Schachgemeinschaft Porz e. V."]
[BlackTeam "SC Bavaria Regensburg von 1881 e.V."]
[PlyCount "67"]
[WhiteFideId "16222474"]
[BlackFideId "16263596"]
[EventCountry "GER"]
[EventRounds "7"]
[EventType "team-swiss"]
[EventDate "2022.07.22"]

1. d4 {[%clk 01:30:58]} {[%emt 00:00:01]} d5 {[%clk 01:30:55]} {[%emt
00:00:06]} 2. c4 {[%clk 01:31:23]} {[%emt 00:00:04]} c6 {[%clk 01:31:22]}
{[%emt 00:00:04]} 3. cxd5 {[%clk 01:31:47]} {[%emt 00:00:06]} cxd5 {[%clk
01:31:46]} {[%emt 00:00:05]} 4. Nc3 {[%clk 01:32:12]} {[%emt 00:00:05]} Nf6
{[%clk 01:32:13]} {[%emt 00:00:03]} 5. f3 {[%clk 01:32:12]} {[%emt 00:00:30]}
e6 {[%clk 01:30:01]} {[%emt 00:02:43]} 6. e4 {[%clk 01:32:28]} {[%emt
00:00:14]} Nc6 {[%clk 01:30:07]} {[%emt 00:00:23]} 7. e5 {[%clk 01:32:52]}
{[%emt 00:00:06]} Nd7 {[%clk 01:30:29]} {[%emt 00:00:09]} 8. f4 {[%clk
01:33:07]} {[%emt 00:00:15]} f5 {[%clk 01:19:56]} {[%emt 00:11:03]} 9. Nf3
{[%clk 01:32:44]} {[%emt 00:00:52]} Be7 {[%clk 01:19:31]} {[%emt 00:00:55]} 10.
Be3 {[%clk 01:32:34]} {[%emt 00:00:40]} a6 {[%clk 01:16:57]} {[%emt 00:03:04]}
11. Rc1 {[%clk 01:32:09]} {[%emt 00:00:55]} O-O {[%clk 01:13:58]} {[%emt
00:03:29]} 12. Bd3 {[%clk 01:30:41]} {[%emt 00:01:58]} Na5 {[%clk 01:11:14]}
{[%emt 00:03:14]} 13. Rc2 {[%clk 01:17:21]} {[%emt 00:13:51]} b5 {[%clk
01:08:12]} {[%emt 00:03:32]} 14. O-O {[%clk 01:16:19]} {[%emt 00:01:30]} Nc4
{[%clk 01:03:01]} {[%emt 00:05:43]} 15. Bc1 {[%clk 01:16:07]} {[%emt 00:00:41]}
Ndb6 {[%clk 01:00:47]} {[%emt 00:02:44]} 16. Kh1 {[%clk 01:14:30]} {[%emt
00:02:06]} Bd7 {[%clk 00:58:59]} {[%emt 00:02:20]} 17. Rg1 {[%clk 01:09:17]}
{[%emt 00:05:43]} Kh8 {[%clk 00:54:20]} {[%emt 00:05:08]} 18. g4 {[%clk
01:08:48]} {[%emt 00:00:58]} g6 {[%clk 00:53:23]} {[%emt 00:01:28]} 19. gxf5
{[%clk 01:08:11]} {[%emt 00:01:07]} gxf5 {[%clk 00:50:39]} {[%emt 00:03:14]}
20. Rcg2 {[%clk 01:08:25]} {[%emt 00:00:15]} Rf7 {[%clk 00:46:58]} {[%emt
00:04:13]} 21. Ng5 {[%clk 00:59:59]} {[%emt 00:08:55]} Bxg5 {[%clk 00:46:35]}
{[%emt 00:00:53]} 22. fxg5 {[%clk 01:00:23]} {[%emt 00:00:07]} Be8 {[%clk
00:40:33]} {[%emt 00:06:31]} 23. g6 {[%clk 00:55:54]} {[%emt 00:04:59]} Rg7
{[%clk 00:40:44]} {[%emt 00:00:19]} 24. Bg5 {[%clk 00:55:05]} {[%emt 00:01:19]}
Qc8 {[%clk 00:37:50]} {[%emt 00:03:24]} 25. Bf6 {[%clk 00:51:27]} {[%emt
00:04:08]} Bxg6 {[%clk 00:36:51]} {[%emt 00:01:30]} 26. Rxg6 {[%clk 00:51:25]}
{[%emt 00:00:31]} hxg6 {[%clk 00:37:09]} {[%emt 00:00:12]} 27. Rxg6 {[%clk
00:51:45]} {[%emt 00:00:10]} Raa7 {[%clk 00:37:17]} {[%emt 00:00:22]} 28. Qh5+
{[%clk 00:51:32]} {[%emt 00:00:43]} Kg8 {[%clk 00:37:39]} {[%emt 00:00:09]} 29.
Rh6 {[%clk 00:51:39]} {[%emt 00:00:22]} Rh7 {[%clk 00:36:03]} {[%emt 00:02:07]}
30. Rxh7 {[%clk 00:51:44]} {[%emt 00:00:25]} Rxh7 {[%clk 00:36:16]} {[%emt
00:00:17]} 31. Qg6+ {[%clk 00:52:08]} {[%emt 00:00:04]} Kf8 {[%clk 00:36:35]}
{[%emt 00:00:12]} 32. Qxh7 {[%clk 00:52:32]} {[%emt 00:00:06]} Qd7 {[%clk
00:36:21]} {[%emt 00:00:44]} 33. Qh8+ {[%clk 00:52:56]} {[%emt 00:00:05]} Kf7
{[%clk 00:36:46]} {[%emt 00:00:06]} 34. Qg7+ {[%clk 00:53:23]} {[%emt
00:00:03]} 1-0

[Event "DVM U20 2021"]
[Site "Kiel GER"]
[Date "2022.07.25"]
[Round "6"]
[White "Aumüller, Naum"]
[Black "Perkampus, Laurin"]
[Result "0-1"]
[Termination "normal"]
[Board "3.4"]
[WhiteElo "1841"]
[BlackElo "2069"]
[WhiteClock "00:36:11"]
[BlackClock "00:08:54"]
[WhiteTeam "SC Bavaria Regensburg von 1881 e.V."]
[BlackTeam "Schachgemeinschaft Porz e. V."]
[PlyCount "42"]
[WhiteFideId "16263960"]
[BlackFideId "16232283"]
[EventCountry "GER"]
[EventRounds "7"]
[EventType "team-swiss"]
[EventDate "2022.07.22"]

1. e4 {[%clk 01:30:58]} {[%emt 00:00:01]} c6 {[%clk 01:30:55]} {[%emt
00:00:05]} 2. d4 {[%clk 01:31:22]} {[%emt 00:00:06]} d5 {[%clk 01:31:21]}
{[%emt 00:00:04]} 3. f3 {[%clk 01:31:49]} {[%emt 00:00:04]} Qb6 {[%clk
01:31:36]} {[%emt 00:00:13]} 4. Nc3 {[%clk 01:31:52]} {[%emt 00:00:28]} e6
{[%clk 01:31:43]} {[%emt 00:00:22]} 5. exd5 {[%clk 01:19:10]} {[%emt 00:13:14]}
cxd5 {[%clk 01:22:26]} {[%emt 00:09:46]} 6. Bd3 {[%clk 01:17:56]} {[%emt
00:01:43]} Nc6 {[%clk 01:20:46]} {[%emt 00:02:10]} 7. Nge2 {[%clk 01:15:14]}
{[%emt 00:03:12]} Nf6 {[%clk 01:07:05]} {[%emt 00:14:11]} 8. Bf4 {[%clk
01:10:53]} {[%emt 00:04:51]} a6 {[%clk 00:58:25]} {[%emt 00:09:10]} 9. Na4
{[%clk 01:06:21]} {[%emt 00:05:02]} Qa7 {[%clk 00:53:57]} {[%emt 00:04:58]} 10.
Be3 {[%clk 00:58:36]} {[%emt 00:08:15]} Bd6 {[%clk 00:46:00]} {[%emt 00:08:27]}
11. c3 {[%clk 00:54:16]} {[%emt 00:04:51]} O-O {[%clk 00:38:41]} {[%emt
00:07:48]} 12. Qd2 {[%clk 00:45:40]} {[%emt 00:09:06]} Rb8 {[%clk 00:20:45]}
{[%emt 00:18:26]} 13. b4 {[%clk 00:43:27]} {[%emt 00:02:44]} b6 {[%clk
00:16:21]} {[%emt 00:04:53]} 14. b5 {[%clk 00:39:03]} {[%emt 00:04:54]} Na5
{[%clk 00:15:01]} {[%emt 00:01:50]} 15. Nb2 {[%clk 00:36:49]} {[%emt 00:02:44]}
axb5 {[%clk 00:14:46]} {[%emt 00:00:45]} 16. Bxb5 {[%clk 00:36:44]} {[%emt
00:00:35]} Nb3 {[%clk 00:14:07]} {[%emt 00:01:09]} 17. axb3 {[%clk 00:36:06]}
{[%emt 00:01:08]} Qxa1+ {[%clk 00:14:32]} {[%emt 00:00:04]} 18. Qc1 {[%clk
00:36:19]} {[%emt 00:00:18]} Qxc1+ {[%clk 00:09:51]} {[%emt 00:05:11]} 19. Nxc1
{[%clk 00:36:44]} {[%emt 00:00:05]} Bd7 {[%clk 00:08:53]} {[%emt 00:01:28]} 20.
Bxd7 {[%clk 00:36:12]} {[%emt 00:01:03]} Nxd7 {[%clk 00:09:06]} {[%emt
00:00:16]} 21. Kd2 {[%clk 00:36:11]} {[%emt 00:00:32]} Ra8 {[%clk 00:08:54]}
{[%emt 00:00:41]} 0-1

[Event "DVM U20 2021"]
[Site "Kiel GER"]
[Date "2022.07.25"]
[Round "6"]
[White "Mohammadi Nia, Borna"]
[Black "Pavlov, Liliane"]
[Result "1-0"]
[Termination "normal"]
[Board "3.5"]
[WhiteElo "2129"]
[BlackElo "1758"]
[WhiteClock "00:16:23"]
[BlackClock "00:17:36"]
[WhiteTeam "Schachgemeinschaft Porz e. V."]
[BlackTeam "SC Bavaria Regensburg von 1881 e.V."]
[PlyCount "65"]
[WhiteFideId "16207319"]
[BlackFideId "16225449"]
[EventCountry "GER"]
[EventRounds "7"]
[EventType "team-swiss"]
[EventDate "2022.07.22"]

1. Nf3 {[%clk 01:30:57]} {[%emt 00:00:02]} Nf6 {[%clk 01:30:46]} {[%emt
00:00:14]} 2. g3 {[%clk 01:31:23]} {[%emt 00:00:05]} g6 {[%clk 01:31:05]}
{[%emt 00:00:11]} 3. Bg2 {[%clk 01:31:48]} {[%emt 00:00:04]} Bg7 {[%clk
01:31:20]} {[%emt 00:00:16]} 4. O-O {[%clk 01:32:08]} {[%emt 00:00:10]} O-O
{[%clk 01:31:44]} {[%emt 00:00:05]} 5. c4 {[%clk 01:32:33]} {[%emt 00:00:07]}
d6 {[%clk 01:31:18]} {[%emt 00:00:55]} 6. d4 {[%clk 01:32:27]} {[%emt
00:00:36]} c5 {[%clk 01:30:02]} {[%emt 00:01:46]} 7. b3 {[%clk 01:31:16]}
{[%emt 00:01:42]} Nc6 {[%clk 01:25:46]} {[%emt 00:04:45]} 8. Bb2 {[%clk
01:29:55]} {[%emt 00:01:51]} cxd4 {[%clk 01:22:05]} {[%emt 00:04:10]} 9. Nxd4
{[%clk 01:29:20]} {[%emt 00:01:06]} Qb6 {[%clk 01:17:20]} {[%emt 00:05:15]} 10.
Nc2 {[%clk 01:27:51]} {[%emt 00:01:58]} Bf5 {[%clk 01:13:13]} {[%emt 00:04:38]}
11. Nc3 {[%clk 01:26:11]} {[%emt 00:02:10]} Rfd8 {[%clk 01:10:42]} {[%emt
00:03:01]} 12. e4 {[%clk 01:20:31]} {[%emt 00:06:09]} Bg4 {[%clk 00:56:51]}
{[%emt 00:14:21]} 13. Qd2 {[%clk 01:19:23]} {[%emt 00:01:37]} Rac8 {[%clk
00:45:53]} {[%emt 00:11:30]} 14. Nd5 {[%clk 01:09:13]} {[%emt 00:10:40]} Nxd5
{[%clk 00:43:24]} {[%emt 00:02:59]} 15. Bxg7 {[%clk 01:08:53]} {[%emt
00:00:50]} Kxg7 {[%clk 00:43:28]} {[%emt 00:00:25]} 16. exd5 {[%clk 01:09:17]}
{[%emt 00:00:06]} Ne5 {[%clk 00:40:25]} {[%emt 00:03:33]} 17. Nd4 {[%clk
01:07:05]} {[%emt 00:02:42]} Bd7 {[%clk 00:32:37]} {[%emt 00:08:18]} 18. Rae1
{[%clk 01:01:12]} {[%emt 00:06:22]} Re8 {[%clk 00:31:40]} {[%emt 00:01:28]} 19.
Kh1 {[%clk 00:58:50]} {[%emt 00:02:52]} e6 {[%clk 00:30:10]} {[%emt 00:02:01]}
20. Qc3 {[%clk 00:54:31]} {[%emt 00:04:49]} Kg8 {[%clk 00:27:29]} {[%emt
00:03:11]} 21. f4 {[%clk 00:33:21]} {[%emt 00:21:39]} Ng4 {[%clk 00:27:34]}
{[%emt 00:00:25]} 22. h3 {[%clk 00:33:13]} {[%emt 00:00:38]} Nh6 {[%clk
00:25:45]} {[%emt 00:02:20]} 23. dxe6 {[%clk 00:30:45]} {[%emt 00:02:58]} fxe6
{[%clk 00:25:28]} {[%emt 00:00:46]} 24. Qd2 {[%clk 00:29:14]} {[%emt 00:02:01]}
Nf5 {[%clk 00:23:10]} {[%emt 00:02:49]} 25. Nxf5 {[%clk 00:28:55]} {[%emt
00:00:49]} gxf5 {[%clk 00:22:51]} {[%emt 00:00:49]} 26. Kh2 {[%clk 00:25:27]}
{[%emt 00:03:57]} Rcd8 {[%clk 00:22:12]} {[%emt 00:01:09]} 27. g4 {[%clk
00:22:26]} {[%emt 00:03:32]} fxg4 {[%clk 00:21:33]} {[%emt 00:01:09]} 28. hxg4
{[%clk 00:22:51]} {[%emt 00:00:05]} Bc6 {[%clk 00:21:33]} {[%emt 00:00:30]} 29.
Bxc6 {[%clk 00:15:49]} {[%emt 00:07:32]} Qxc6 {[%clk 00:21:38]} {[%emt
00:00:25]} 30. f5 {[%clk 00:15:41]} {[%emt 00:00:38]} exf5 {[%clk 00:16:55]}
{[%emt 00:05:13]} 31. Qg5+ {[%clk 00:15:43]} {[%emt 00:00:27]} Kh8 {[%clk
00:17:15]} {[%emt 00:00:09]} 32. Qf6+ {[%clk 00:16:04]} {[%emt 00:00:11]} Kg8
{[%clk 00:17:36]} {[%emt 00:00:09]} 33. Rxf5 {[%clk 00:16:23]} {[%emt
00:00:11]} 1-0